[Event "WA Open - Premier Section"]
[Site "Redmond, WA"]
[Date "2008.05.26"]
[Round "5"]
[White "Harwood, Paul"]
[Black "Lowther, Jeff"]
[Result "1-0"]
[WhiteElo "1836"]
[BlackElo "1905"]
[PlyCount "67"]
[EventDate "2008.05.??"]
[SourceDate "2008.05.24"]

1. e4 e5 2. Nf3 Nc6 3. Bc4 Bc5 4. O-O Nf6 5. d3 h6 6. c3 d6 7. b4 Bb6 8. a4 a5
9. b5 Ne7 10. h3 Be6 11. Bxe6 fxe6 12. Qb3 Qd7 13. Be3 Bxe3 14. fxe3 b6 15.
Nbd2 O-O-O 16. Rac1 Ng6 17. d4 Qe7 18. c4 exd4 19. exd4 Nd7 20. Qe3 e5 21. c5
dxc5 22. dxc5 Nxc5 23. Rc3 Nxa4 24. Rc6 Nf4 25. Nc4 Kb7 26. Nfxe5 g5 27. Ra1
Qb4 {Diagram #} 28. Rxa4 Qxa4 29. Rxc7+ Kxc7 30. Qxb6+ Kc8 31. Qa6+ Kb8 32.
Nc6+ Kc7 33. Qa7+ Kc8 34. Nb6# 1-0

[Event "WA Open - Premier Section"]
[Site "Redmond, WA"]
[Date "2008.05.26"]
[Round "5"]
[White "Nelson, James"]
[Black "Buck, Stephen"]
[Result "1-0"]
[WhiteElo "1664"]
[BlackElo "1734"]
[PlyCount "36"]
[EventDate "2008.05.??"]
[SourceDate "2008.05.24"]

1. d4 d5 2. Nf3 Nf6 3. e3 e6 4. Bd3 c5 5. b3 Nc6 6. Bb2 Bd6 7. O-O O-O 8. Nbd2
Qe7 9. Ne5 Nb4 10. Be2 Bd7 11. a3 Nc6 12. Bd3 Rac8 13. f4 Rc7 14. Rf3 Rfc8 15.
c4 Qf8 16. Rh3 g6 17. Ndf3 Be8 18. g4 Bxe5 {remaining moves unclear.} 1-0

[Event "WA Open - Premier Section"]
[Site "Redmond, WA"]
[Date "2008.05.25"]
[Round "2"]
[White "Li, William"]
[Black "Hendricks, David"]
[Result "0-1"]
[WhiteElo "1688"]
[BlackElo "1656"]
[PlyCount "40"]
[EventDate "2008.05.??"]
[SourceDate "2008.05.24"]

1. d4 Nf6 2. Nf3 d5 3. e3 Bf5 4. c4 e6 5. Nc3 Bb4 6. Qb3 Nc6 7. Be2 O-O 8. O-O
Re8 9. cxd5 exd5 10. Bb5 Bxc3 11. Qxc3 Ne4 12. Qb3 Re6 13. Nh4 $4 Qxh4 14. Qxd5
Rh6 15. h3 Be6 16. Bxc6 Bxd5 17. Bxd5 c6 18. Bc4 Rg6 19. Kh2 Nxf2 20. Rg1 Qg3#
0-1

[Event "WA Open - Premier Section"]
[Site "Redmond, WA"]
[Date "2008.05.26"]
[Round "6"]
[White "Ho, Daniel"]
[Black "Southcote-Want, Colin"]
[Result "0-1"]
[WhiteElo "1758"]
[BlackElo "1736"]
[PlyCount "112"]
[EventDate "2008.05.??"]
[SourceDate "2008.05.24"]

1. e4 e6 2. d4 d5 3. Nc3 dxe4 4. Nxe4 Nd7 5. Nf3 Ngf6 6. Bd3 Be7 7. Bf4 Nxe4 8.
Bxe4 Nf6 9. Qe2 Nxe4 10. Qxe4 O-O 11. O-O-O c6 12. h4 Qd5 13. Qxd5 cxd5 14. g4
b6 15. g5 Ba6 16. Rhe1 Rac8 17. Kb1 Bb4 18. Bd2 Bxd2 19. Nxd2 Rc7 20. Re3 Rfc8
21. c3 Re7 22. f4 Rce8 23. Rde1 Kf8 24. Nf3 f6 25. h5 Kf7 26. Rg1 Rg8 27. g6+
hxg6 28. hxg6+ Ke8 29. Rge1 Bc8 30. Nh4 Kd7 31. f5 Rge8 32. fxe6+ Rxe6 33. Nf5
Rxe3 34. Rxe3 Rxe3 35. Nxe3 Ke6 36. Kc1 Bd7 37. c4 dxc4 38. Kd2 b5 39. Kc3 f5
40. Ng2 Kd5 41. b3 cxb3 42. axb3 Ke4 43. Ne1 f4 44. Nd3 Ke3 45. d5 f3 46. d6 f2
47. Nxf2 Kxf2 48. Kb4 Ke3 49. Ka5 Kd4 50. Ka6 Kd5 51. Kxa7 Kxd6 52. Kb6 Ke5 53.
Kc7 Be6 54. b4 Kf6 55. Kc6 Bc4 56. Kd6 Kxg6 0-1

[Event "WA Open - Premier Section"]
[Site "Redmond, WA"]
[Date "2008.05.24"]
[Round "2"]
[White "Saidy, Jawid"]
[Black "Douglas, Kurt"]
[Result "1/2-1/2"]
[WhiteElo "1786"]
[BlackElo "1716"]
[PlyCount "59"]
[EventDate "2008.05.??"]
[SourceDate "2008.05.24"]

1. d4 Nf6 2. c4 e6 3. Nc3 Bb4 4. e3 O-O 5. Nf3 c5 6. a3 Bxc3+ 7. bxc3 d6 8. Bd3
b6 9. e4 Bb7 10. Bg5 h6 11. Bh4 Nbd7 12. e5 dxe5 13. dxe5 Bxf3 14. Bxf6 Bxd1
15. Bxd8 Nxe5 16. Rxd1 Raxd8 17. Ke2 Rxd3 18. Rxd3 Nxd3 19. Kxd3 Rd8+ 20. Kc2
e5 21. Re1 f6 22. f4 Re8 23. fxe5 Rxe5 24. Rd1 Re2+ 25. Kb3 Kf7 26. Ka4 a6 27.
Rd6 Re6 28. Rd7+ Re7 29. Rd8 Re8 30. Rd7+ 1/2-1/2

[Event "WA Open - Premier Section"]
[Site "Redmond, WA"]
[Date "2008.05.24"]
[Round "1"]
[White "Hosford, Michael"]
[Black "Douglas, Kurt"]
[Result "1/2-1/2"]
[WhiteElo "1825"]
[BlackElo "1716"]
[PlyCount "78"]
[EventDate "2008.05.??"]
[SourceDate "2008.05.24"]

1. e4 c5 2. Nf3 d6 3. Bb5+ Bd7 4. Bxd7+ Nxd7 5. c4 Ngf6 6. Nc3 e6 7. O-O Be7 8.
d4 cxd4 9. Nxd4 a6 10. b3 O-O 11. Bb2 Rc8 12. Qe2 Qc7 13. Rad1 Rfe8 14. f4 h6
15. Kh1 Nf8 16. e5 dxe5 17. fxe5 N6d7 18. Nf3 Ng6 19. Rde1 Rcd8 20. Qf2 Rf8 21.
Qg3 Nc5 22. Ba3 Rd3 23. Bxc5 Bxc5 24. Ne4 Bb4 25. Rd1 Rfd8 26. Nd6 Rxd1 27.
Rxd1 Nxe5 28. Qxe5 Bxd6 29. Qd4 Be7 30. Qg1 Rxd1 31. Qxd1 Qd6 32. Qe2 Bf6 33.
g3 Bd4 34. Qe4 Bc3 35. Qxb7 Qd1+ 36. Kg2 Qc2+ 37. Kh3 {
(It was not recorded which square the white king moved to)} Qxa2 38. Qa8+ Kh7
39. Qb7 Qa5 1/2-1/2

[Event "WA Open - Premier Section"]
[Site "Redmond, WA"]
[Date "2008.05.24"]
[Round "1"]
[White "Ummel, Igor"]
[Black "Nelson, James"]
[Result "0-1"]
[WhiteElo "1824"]
[BlackElo "1664"]
[PlyCount "78"]
[EventDate "2008.05.??"]
[SourceDate "2008.05.24"]

1. f4 g6 2. Nf3 Bg7 3. e3 c6 4. Be2 d5 5. O-O Nf6 6. Ne5 Nbd7 7. d4 Ne4 8. Bd3
Ndf6 9. g4 Nd6 10. Nd2 Nfe4 11. Nxe4 Nxe4 12. Bxe4 dxe4 13. Qe2 f6 14. Nc4 Qd5
15. Nd2 f5 16. g5 Be6 17. c4 Qd6 18. Rb1 O-O-O 19. b3 h6 20. gxh6 Rxh6 21. Bb2
Rdh8 22. Rf2 Bf7 23. c5 Qd8 24. Nf1 Bf6 25. b4 Qg8 26. a4 Bc4 27. Qd2 g5 28.
Rg2 Rg6 29. Bc3 Bd3 30. Rb2 Rh4 31. Ng3 e6 32. Qf2 gxf4 33. exf4 Rgg4 34. Bd2
Qh8 35. Bc3 Rh3 36. Nf1 Rxg2+ 37. Kxg2 Bxf1+ 38. Kh1 Rf3 39. Qd2 Bh3 0-1

[Event "WA Open - Premier Section"]
[Site "Redmond, WA"]
[Date "2008.05.24"]
[Round "2"]
[White "Desmarais, Cyrus"]
[Black "Hosford, Michael"]
[Result "1/2-1/2"]
[WhiteElo "1760"]
[BlackElo "1825"]
[PlyCount "85"]
[EventDate "2008.05.??"]
[SourceDate "2008.05.24"]

1. e4 Nc6 2. Nf3 d6 3. d4 Nf6 4. Nc3 Bg4 5. Be3 e5 6. Be2 exd4 7. Nxd4 Nxd4 8.
Bxd4 Bxe2 9. Qxe2 Be7 10. O-O O-O 11. Rad1 Re8 12. f4 Bf8 13. Qf3 c6 14. Kh1
Nd7 15. Rfe1 Qa5 16. a3 Rad8 17. Bf2 Qc7 18. Bg3 f5 19. exf5 Rxe1+ 20. Rxe1 Nf6
21. Ne4 Nxe4 22. Qxe4 d5 23. Qe6+ Qf7 24. Bh4 Rd6 25. Qe5 Rd7 26. g3 Bd6 27.
Qe6 Bc7 28. c3 Bd6 29. Kg2 Bf8 30. Kf3 c5 31. Rd1 Rd6 32. Qxf7+ Kxf7 33. g4 Rd7
34. Bf2 a6 35. Be3 Be7 36. g5 Bf8 37. h4 h5 38. Bf2 Rd8 39. Rd2 Rd7 40. Bg1 Rd8
41. Bf2 a5 42. a4 Rd7 43. b3 1/2-1/2

[Event "WA Open - Premier Section"]
[Site "Redmond, WA"]
[Date "2008.05.25"]
[Round "1"]
[White "Hendricks, David"]
[Black "Warrier, Krishnan Vishnu"]
[Result "0-1"]
[WhiteElo "1656"]
[BlackElo "1758"]
[PlyCount "62"]
[EventDate "2008.05.??"]
[SourceDate "2008.05.24"]

1. d4 Nf6 2. c4 c6 3. Nf3 d5 4. Nc3 e6 5. Bg5 dxc4 6. e4 b5 7. e5 h6 8. Bh4 g5
9. Nxg5 hxg5 10. Bxg5 Nbd7 11. exf6 Bb7 12. g3 c5 13. d5 Nxf6 14. Bg2 Bh6 15.
Bxh6 Rxh6 16. Qd2 Rh5 17. O-O b4 18. Ne4 Bxd5 19. Nxf6+ Qxf6 20. Rfe1 O-O-O 21.
Qe2 Qh6 22. Bxd5 exd5 23. Qg4+ f5 24. Qf3 Rxh2 25. Qxf5+ Kb8 26. Qe5+ Ka8 27.
Qc7 Rh1+ 28. Kg2 Qh2+ 29. Kf3 Rf8+ 30. Qf4 Rxf4+ 31. gxf4 Qh3+ 0-1

[Event "WA Open - Premier Section"]
[Site "Redmond, WA"]
[Date "2008.05.25"]
[Round "3"]
[White "Hosford, Michael"]
[Black "Ho, Daniel"]
[Result "0-1"]
[WhiteElo "1825"]
[BlackElo "1758"]
[PlyCount "52"]
[EventDate "2008.05.??"]
[SourceDate "2008.05.24"]

1. e4 e5 2. Nf3 Nc6 3. d4 exd4 4. Bc4 Nf6 5. e5 Ne4 6. Bd5 Nc5 7. O-O Be7 8.
Re1 Ne6 9. Nbd2 b6 10. Nb3 Bc5 11. Qe2 Bb7 12. Qe4 Qe7 13. Bd2 h6 14. Rad1 g5
15. Bc1 O-O-O 16. Nfxd4 ({or} 16. Nbxd4 {may have been played}) 16... Bxd4 17.
Nxd4 Nexd4 18. Rxd4 Nxd4 19. Bxb7+ Kb8 20. Ba6 Nc6 21. f4 gxf4 22. Bxf4 Rhg8
23. Bg3 Rde8 24. Rf1 Qc5+ 25. Kh1 Rxg3 26. hxg3 Rxe5 0-1

[Event "WA Open - Premier Section"]
[Site "Redmond, WA"]
[Date "2008.05.25"]
[Round "4"]
[White "Douglas, Kurt"]
[Black "Dixon, Dakota"]
[Result "0-1"]
[WhiteElo "1716"]
[BlackElo "1781"]
[PlyCount "120"]
[EventDate "2008.05.??"]
[SourceDate "2008.05.24"]

1. e4 c5 2. Nf3 Nc6 3. d4 cxd4 4. Nxd4 d6 5. Nc3 Nf6 6. Be2 e6 7. O-O Be7 8.
Be3 O-O 9. f4 a6 10. a4 Bd7 11. Nb3 b6 12. Bf3 Qc7 13. g4 Rab8 14. g5 Ne8 15.
Qe1 f6 16. h4 Na5 17. Nxa5 bxa5 18. b3 Rc8 19. Bd2 Bd8 20. Rc1 Qa7+ 21. Kh1 Bb6
22. Ne2 Be3 23. Ng3 Bxd2 24. Qxd2 Qb6 25. f5 e5 26. Rg1 Qb4 27. Qd3 Qc3 28. Nh5
Qxd3 29. cxd3 Rxc1 30. Rxc1 g6 31. Ng3 fxg5 32. hxg5 gxf5 33. exf5 Bxf5 34.
Bd5+ Kg7 35. Ne4 Bd7 36. Kg2 Rf4 37. Kg3 Rg4+ 38. Kf3 Rf4+ 39. Kg3 Rg4+ 40. Kf3
Kg6 41. Bc6 Rf4+ 42. Ke3 Rf7 43. Bb7 Be6 44. Bxa6 Bxb3 45. Bb5 Ng7 46. Nxd6
Nf5+ 47. Nxf5 Rxf5 48. Rg1 Rxg5 49. Rxg5+ Kxg5 50. Ke4 Kf6 51. Bd7 Be6 52. Bc6
Bh3 53. Bb5 Bg2+ 54. Ke3 h5 55. Kf2 Bd5 56. Kg3 Kg5 57. Bd7 h4+ 58. Kh3 Bb3 59.
Kg2 Bc2 60. Bb5 Bd1 0-1

[Event "WA Open - Premier Section"]
[Site "Redmond, WA"]
[Date "2008.05.25"]
[Round "4"]
[White "June, Peter"]
[Black "Hendricks, David"]
[Result "0-1"]
[WhiteElo "1844"]
[BlackElo "1656"]
[PlyCount "114"]
[EventDate "2008.05.??"]
[SourceDate "2008.05.24"]

1. e4 d6 2. d4 Nf6 3. Nc3 g6 4. Bg5 Bg7 5. Qd2 Nbd7 6. f3 O-O 7. O-O-O c5 8.
dxc5 Nxc5 9. e5 Ne8 10. exd6 Qxd6 11. Qxd6 exd6 12. Be7 Be6 13. Bxf8 Kxf8 14.
Nge2 Rd8 15. g3 d5 16. Nd4 Nc7 17. Bg2 a6 18. h3 Bc8 19. f4 N5e6 20. Nce2 Nxd4
21. Nxd4 b5 22. Nb3 d4 23. Nc5 h5 24. Rd2 Nd5 25. Bxd5 Rxd5 26. Ne4 Bf5 27. Nf2
Ke7 28. g4 Bc8 29. Kb1 Bh6 30. Re1+ Kd8 31. Re4 Bg7 32. Rde2 Be6 33. Rxe6 fxe6
34. Rxe6 g5 35. Rg6 Rd7 36. fxg5 Rf7 37. Nd1 Rf1 38. Kc1 Be5 39. Kd2 hxg4 40.
hxg4 Rg1 41. Nf2 Rg2 42. Ke2 Bg3 43. Kf3 Rxf2+ 44. Kxg3 Rxc2 45. Rd6+ Ke7 46.
Rxd4 Rxb2 47. g6 Rxa2 48. g7 Kf7 49. Rd7+ Kg8 50. Kh4 Rc2 51. Kh5 Rc8 52. g5 b4
53. Kh6 Rb8 54. Rd2 b3 55. Rb2 a5 56. g6 a4 57. Rf2 b2 0-1

[Event "WA Open - Premier Section"]
[Site "Redmond, WA"]
[Date "2008.05.25"]
[Round "4"]
[White "Prentice, Greg"]
[Black "Lowther, Jeff"]
[Result "0-1"]
[WhiteElo "1799"]
[BlackElo "1905"]
[Annotator "Harrison"]
[PlyCount "94"]
[EventDate "2008.05.??"]
[SourceDate "2008.05.24"]

1. c4 e5 2. Nc3 Nf6 3. g3 d5 4. cxd5 Nxd5 5. Bg2 Nb6 6. b3 Be7 7. Nf3 Nc6 8.
Bb2 O-O 9. O-O Bf5 10. d3 Qd7 11. Re1 Rad8 12. Qc1 Rfe8 13. a3 a6 14. Ne4 Bxe4
15. dxe4 Qe6 16. Qc2 Rd7 17. Rad1 Red8 18. e3 f6 19. Rxd7 Qxd7 20. Bf1 Kh8 21.
Rc1 Ra8 22. Kg2 Bd6 23. Nh4 Ne7 24. f4 c6 25. Rd1 Qe6 26. f5 Qd7 27. Nf3 Qc7
28. h4 c5 29. g4 Nc6 30. h5 h6 31. Nh4 Rd8 32. Ng6+ Kh7 33. Bc4 Nxc4 34. bxc4
Ne7 35. a4 Nxg6 36. hxg6+ Kh8 37. Rd5 Be7 38. Kf3 Rxd5 39. exd5 Qd7 40. Bc3 b5
41. axb5 axb5 42. cxb5 Qxb5 43. Qe2 c4 44. e4 Qb3 45. Qd2 Bb4 46. d6 Qxc3+ 47.
Qxc3 Bxc3 (47... Bxc3 48. d7 Ba5 49. Ke3 Kg8 $19) 0-1

[Event "WA Open - Premier Section"]
[Site "Redmond, WA"]
[Date "2008.05.24"]
[Round "1"]
[White "Harwood, Paul"]
[Black "Blacksten, Paul"]
[Result "1-0"]
[WhiteElo "1836"]
[BlackElo "1658"]
[PlyCount "137"]
[EventDate "2008.05.??"]
[SourceDate "2008.05.24"]

1. e4 d6 2. d4 Nd7 3. Nf3 g6 4. Nc3 c6 5. Bc4 Nb6 6. Bb3 Bg7 7. Be3 Nf6 8. O-O
O-O 9. h3 Be6 10. Qd3 Bxb3 11. axb3 Nbd7 12. Rfd1 Qc7 13. Ne2 b6 14. c4 c5 15.
d5 h6 16. Nc3 Kh7 17. Re1 Ng8 18. h4 Ndf6 19. Nh2 Qd7 20. Qe2 a5 21. Bd2 Kh8
22. Rf1 Rae8 23. Rae1 e5 24. Kh1 h5 25. f3 Nh6 26. Nd1 Nh7 27. Nf2 f5 28. Nh3
f4 29. Rd1 Bf6 30. Be1 Qe7 31. Qf2 Rg8 32. Rg1 Rg7 33. g4 fxg3 34. Qxg3 Reg8
35. Ng5 Bxg5 36. hxg5 Nf7 37. Bd2 Rf8 38. Rdf1 Kg8 39. Rf2 Nh8 40. Kg2 Rgf7 41.
Kh1 Qd7 42. Rgf1 Qe7 43. Be3 Re8 44. Rg1 Ref8 45. Nf1 Rg7 46. Nd2 Nf7 47. Nb1
Ra8 48. Nc3 Nf8 49. Rgf1 h4 50. Qg4 Rh7 51. Rh2 h3 52. Rg1 Qd7 53. Qxd7 Nxd7
54. Rg3 Kg7 55. Rgxh3 Rxh3 56. Rxh3 Nf8 57. Kg2 Nh7 58. Rg3 Rh8 59. Nb5 Nf8 60.
Nc7 Nh7 61. Ne6+ Kg8 62. Rh3 Nf8 63. Bd2 Rxh3 64. Kxh3 Nxe6 65. dxe6 Nh8 66. f4
Kf8 67. f5 Ke7 68. Kg4 gxf5+ 69. Kxf5 1-0

[Event "WA Open - Premier Section"]
[Site "Redmond, WA"]
[Date "2008.05.24"]
[Round "1"]
[White "Hannibal, Carson"]
[Black "Saidy, Jawid"]
[Result "1/2-1/2"]
[WhiteElo "1722"]
[BlackElo "1786"]
[PlyCount "67"]
[EventDate "2008.05.??"]
[SourceDate "2008.05.24"]

1. d4 Nf6 2. Bf4 e6 3. e3 Bb4+ 4. c3 Ba5 5. Nd2 O-O 6. Bd3 d6 7. Ngf3 Nc6 8.
O-O e5 9. Bg3 Bg4 10. Qb3 Bxf3 11. gxf3 exd4 12. Qxb7 Ne5 13. Bxe5 dxe5 14.
Rad1 Nd5 15. Be4 Qg5+ 16. Kh1 Nf6 17. Qa6 Nxe4 18. Nxe4 Qf5 19. Kg2 dxe3 20.
Ng3 Qg6 21. Qxg6 hxg6 22. fxe3 Rfd8 23. Kf2 f5 24. Ne2 Bb6 25. f4 Re8 26. Rd3
exf4 27. Nxf4 g5 28. Nd5 f4 29. Nxb6 axb6 30. a3 Re4 31. exf4 gxf4 32. Re1 Rxe1
33. Kxe1 Re8+ 34. Kf2 1/2-1/2

[Event "WA Open - Premier Section"]
[Site "Redmond, WA"]
[Date "2008.05.25"]
[Round "3"]
[White "Hendricks, David"]
[Black "Prentice, Greg"]
[Result "1/2-1/2"]
[WhiteElo "1656"]
[BlackElo "1799"]
[PlyCount "101"]
[EventDate "2008.05.??"]
[SourceDate "2008.05.24"]

1. d4 g6 2. e4 d6 3. c4 Bg7 4. Nc3 Nf6 5. Nf3 O-O 6. Be2 Nbd7 7. O-O e5 8. Re1
h6 9. h3 exd4 10. Nxd4 Re8 11. f3 Nh5 12. Be3 Qh4 13. Bf2 Qg5 14. Bf1 Be5 15.
Nde2 Nc5 16. h4 Qd8 17. Qd2 Ne6 18. Rad1 g5 19. hxg5 hxg5 20. Nd5 Nef4 21.
Nexf4 gxf4 22. Nb4 Be6 23. b3 Qg5 24. Nd3 Ng3 25. Bxg3 Qxg3 26. Nxe5 dxe5 27.
Qf2 Red8 28. Qxg3+ fxg3 29. Be2 Rd4 30. Rxd4 exd4 31. f4 Rd8 32. Rd1 c5 33. f5
Bd7 34. Rd3 Bc6 35. Rxg3+ Kf8 36. Bd3 f6 37. Kf2 a6 38. Rg6 Kf7 39. Rh6 Kg7 40.
Rg6+ Kf7 41. Rh6 Kg7 42. Rg6+ Kf7 43. g4 Rh8 44. Kg2 Rh7 45. g5 fxg5 46. Rxg5
Rh4 47. Kf3 Rh3+ 48. Rg3 Rh2 49. Kf4 Rxa2 50. e5 Rf2+ 51. Kg5 {
remaining moves not recorded due to time pressure.} 1/2-1/2

[Event "WA Open - Premier Section"]
[Site "Redmond, WA"]
[Date "2008.05.24"]
[Round "2"]
[White "Allen, Robert"]
[Black "Ramanujan, Nevin"]
[Result "1-0"]
[WhiteElo "1700"]
[BlackElo "1352"]
[PlyCount "41"]
[EventDate "2008.05.??"]
[SourceDate "2008.05.24"]

1. d4 Nf6 2. c4 d5 3. Nc3 Nc6 4. Nf3 e6 5. Bg5 Bb4 6. e3 O-O 7. Bd3 h6 8. Bh4
Re8 9. O-O e5 10. dxe5 Nxe5 11. Nxd5 Qd6 12. Nxe5 Nxd5 13. Nxf7 Qe6 14. cxd5
Qxf7 15. Qb3 Bd6 16. e4 b6 17. f3 Qf4 18. Bg3 Qe3+ 19. Bf2 Qf4 20. g3 Qxf3 21.
e5 {remaining moves unclear. White won on move 27.} 1-0

[Event "WA Open - Premier Section"]
[Site "Redmond, WA"]
[Date "2008.05.24"]
[Round "1"]
[White "Anderson, Mark"]
[Black "Prentice, Greg"]
[Result "0-1"]
[WhiteElo "1662"]
[BlackElo "1799"]
[PlyCount "58"]
[EventDate "2008.05.??"]
[SourceDate "2008.05.24"]

1. Nf3 d5 2. d4 g6 3. c4 c6 4. cxd5 cxd5 5. Nc3 Nf6 6. g3 Bg7 7. Bg2 O-O 8. O-O
Nc6 9. Bg5 h6 10. Bc1 a6 11. a3 Bd7 12. b4 b5 13. h3 Qc8 14. Kh2 Nxb4 15. Bb2
Nc6 16. Rc1 Qd8 17. Nd2 e6 18. Nb3 Rc8 19. Nc5 Qb6 20. Rb1 Rfd8 21. e3 Na5 22.
Bc1 Nc4 23. Qb3 Rb8 24. Ra1 Bc6 25. Bd2 Nd7 26. Nd3 Qa7 27. Na2 a5 28. Qc3 Bf8
29. Qxa5 Nxa5 0-1

[Event "WA Open - Premier Section"]
[Site "Redmond, WA"]
[Date "2008.??.??"]
[Round "3"]
[White "O'Connell, Sean"]
[Black "Marcjan, Karen"]
[Result "1-0"]
[WhiteElo "1609"]
[BlackElo "1505"]
[PlyCount "129"]
[EventDate "2008.05.??"]
[SourceDate "2008.05.24"]

1. d4 d5 2. c4 c6 3. Nc3 Nf6 4. Nf3 Bf5 5. e3 e6 6. Nh4 Bg6 7. Be2 Be7 8. Nxg6
hxg6 9. Bd2 Nbd7 10. Qc2 Bb4 11. f3 dxc4 12. Bxc4 Nb6 13. Bb3 Nfd5 14. O-O-O
Bxc3 15. bxc3 Qd6 16. g3 O-O-O 17. e4 Nc7 18. Kb1 Qe7 19. Qb2 f6 20. c4 Na6 21.
a3 c5 22. d5 exd5 23. cxd5 g5 24. g4 Qd6 25. Be3 Kb8 26. Rc1 Rc8 27. Rc2 c4 28.
Bxb6 cxb3 29. Rxc8+ Rxc8 30. Bf2 Ka8 31. Bg3 Qb6 32. Rc1 Rxc1+ 33. Qxc1 Qd8 34.
Kb2 Qd7 35. Qc4 Nb8 36. Kxb3 Qd8 37. Bf2 Qd6 38. Qa4 Qa6 39. Qxa6 bxa6 40. Bc5
Nd7 41. Bd6 Kb7 42. Kc4 Kb6 43. f4 gxf4 44. Bxf4 g5 45. Bg3 Ka5 46. Kd4 Ka4 47.
Bd6 Kb3 {Diagram #} 48. h4 gxh4 49. g5 fxg5 50. e5 g4 51. e6 Nf6 52. e7 g3 53.
Bf4 g2 54. Bh2 Ne8 55. Ke5 Kc4 56. d6 Kb3 57. d7 Nc7 58. d8=Q Nb5 59. e8=Q Kxa3
60. Qc6 Ka4 61. Qd1+ Ka5 62. Kd5 Kb4 63. Bd6+ Ka5 64. Qa1+ Na3 65. Qxa3# 1-0

[Event "WA Open - Premier Section"]
[Site "Redmond, WA"]
[Date "2008.05.25"]
[Round "4"]
[White "Buck, Stephen"]
[Black "Gottlieb, Ethan"]
[Result "1/2-1/2"]
[WhiteElo "1734"]
[BlackElo "1647"]
[PlyCount "60"]
[EventDate "2008.05.??"]
[SourceDate "2008.05.24"]

1. c4 e5 2. Nc3 Nc6 3. g3 Bc5 4. Bg2 Nf6 5. Nf3 d6 6. O-O O-O 7. d3 h6 8. a3 a6
9. b4 Ba7 10. Bb2 Bg4 11. h3 Be6 12. e3 Qd7 13. Kh2 Nh7 14. Nd5 Bxd5 15. cxd5
Ne7 16. Qb3 Nf6 17. e4 Rac8 18. Rac1 Kh8 19. Rc2 Ne8 20. d4 exd4 21. Nxd4 Bxd4
22. Bxd4 Ng6 23. f4 f6 24. Rcf2 Qb5 25. Qf3 c6 26. Qg4 Ne7 27. dxc6 bxc6 28. e5
dxe5 29. Bxe5 {The scoresheet may have been missing moves by this point.} Nd5
30. Bxd5 cxd5 {Remaining moves unclear.} 1/2-1/2

[Event "WA Open - Premier Section"]
[Site "Redmond, WA"]
[Date "2008.05.25"]
[Round "4"]
[White "Southcote-Want, Colin"]
[Black "Hosford, Michael"]
[Result "1/2-1/2"]
[WhiteElo "1736"]
[BlackElo "1825"]
[Annotator "Harrison"]
[PlyCount "118"]
[EventDate "2008.05.??"]
[SourceDate "2008.05.24"]

1. e4 g6 2. Nc3 Bg7 3. Nge2 d6 4. g3 b6 5. Bg2 Bb7 6. O-O e6 7. d3 Ne7 8. Rb1
Nd7 9. Be3 h6 10. Qd2 a6 11. f4 f5 12. a3 Nf6 13. Nd4 Qc8 14. exf5 exf5 15.
Rbe1 Bxg2 16. Qxg2 O-O 17. Bf2 Re8 18. h3 c5 19. Nf3 b5 20. Re2 Qc6 21. Rfe1
Ned5 22. Nh4 Rxe2 23. Rxe2 Kf7 24. Qf3 b4 25. axb4 cxb4 26. Nd1 Rc8 27. Bd4 Nh5
28. Bxg7 Nxg7 29. Qg2 a5 30. Nf3 Nh5 31. Nd4 Qc5 32. Qf2 Nxg3 33. Re1 Nh5 34.
c3 Nhxf4 35. Qh4 h5 36. Ne3 g5 $19 37. Qg3 (37. Qxg5 $2 Nxh3+) 37... h4 38. Qf3
g4 $2 (38... bxc3 $19) (38... Nxe3 $19) 39. hxg4 fxg4 40. Nxg4 bxc3 41. Qe4 Rg8
42. Qf5+ Kg7 43. Qg5+ $2 (43. Re7+ $1 Nxe7 44. Qf6+ Kh7 45. Qh6#) 43... Ng6 44.
Qh6+ $2 (44. bxc3 $18) 44... Kf7 45. Qh7+ $2 (45. bxc3) 45... Rg7 $19 46. Nh6+
Kf8 47. Re8+ Kxe8 48. Qxg7 Ne5 (48... cxb2 49. Qxg6+ Kd7 $19) 49. bxc3 Qxc3 $2
(49... Nf3+ 50. Kg2 Nxd4 51. cxd4 Qc2+ $19) 50. Qg8+ Kd7 51. Qe6+ Kd8 (51...
Kc7 $2 52. Nb5+) 52. Qxd6+ Kc8 $2 (52... Nd7 53. Nc6+ Kc8 54. Na7+ Kd8 55. Nc6+
Kc8 {1/2-1/2}) 53. Qxe5 $18 Qc1+ 54. Kh2 Qd2+ 55. Kh1 Qxh6 56. Qxd5 Qc1+ 57.
Kh2 $2 (57. Kg2 $1 Qd2+ 58. Kh3 $1 Qxd3+ 59. Kxh4 $16) 57... Qf4+ 58. Kh1 Qf1+
59. Kh2 Qf2+ 1/2-1/2

[Event "WA Open - Premier Section"]
[Site "Redmond, WA"]
[Date "2008.05.25"]
[Round "4"]
[White "Harmon, Carl"]
[Black "Desmarais, Cyrus"]
[Result "1/2-1/2"]
[WhiteElo "1557"]
[BlackElo "1760"]
[PlyCount "37"]
[EventDate "2008.05.??"]
[SourceDate "2008.05.24"]

1. c4 Nf6 2. Nc3 g6 3. g3 Bg7 4. Bg2 O-O 5. Nf3 d6 6. O-O Nbd7 7. d4 e5 8. e3
c6 9. b3 Re8 10. Re1 a6 11. a4 Qc7 12. Bb2 Nh5 13. d5 f5 14. e4 f4 15. Qd2 c5
16. Ne2 Rf8 17. Qd3 fxg3 18. fxg3 h6 19. Rf1 {remaining moves unclear} 1/2-1/2

[Event "WA Open - Premier Section"]
[Site "Redmond, WA"]
[Date "2008.05.26"]
[Round "5"]
[White "Lessler, Peter"]
[Black "Milner, Arie"]
[Result "1-0"]
[WhiteElo "1897"]
[BlackElo "1927"]
[Annotator "Harrison"]
[PlyCount "55"]
[EventDate "2008.05.??"]
[SourceDate "2008.05.24"]

1. d4 d5 2. c4 c6 3. Nc3 Nf6 4. Nf3 e6 5. e3 Nbd7 6. Bd3 Be7 7. O-O Qc7 8. e4
dxe4 9. Nxe4 O-O 10. Bg5 b6 11. Qc2 h6 12. Bh4 Qd8 13. Nc3 Bb7 14. Rad1 Qc7 15.
Rfe1 Bd6 16. a3 a5 17. Qe2 Ba6 18. Ne4 Nxe4 19. Qxe4 g6 20. Qg4 Kg7 {Diagram #}
21. Rxe6 Nb8 22. Bf6+ Kh7 23. Ng5+ Kg8 24. Qh5 Bxh2+ 25. Kh1 Bg1 26. Kxg1 Bxc4
27. Qxh6 Qg3 28. Qxf8+ (28. Qxf8+ Kxf8 29. Nh7+ Kg8 30. Re8+ Kxh7 31. Rh8#) 1-0

[Event "WA Open - Premier Section"]
[Site "Redmond, WA"]
[Date "2008.05.26"]
[Round "6"]
[White "Lee, Megan"]
[Black "Harwood, Paul"]
[Result "1/2-1/2"]
[WhiteElo "1803"]
[BlackElo "1836"]
[PlyCount "58"]
[EventDate "2008.05.??"]
[SourceDate "2008.05.24"]

1. e4 c5 2. Nf3 g6 3. d4 cxd4 4. Nxd4 Bg7 5. Nc3 Nc6 6. Be3 Nf6 7. Be2 O-O 8.
O-O d5 9. exd5 Nxd5 10. Nxc6 bxc6 11. Nxd5 cxd5 12. c3 Qa5 13. Bd4 e5 14. Be3
Rd8 15. Qc2 Bf5 16. Bd3 Be6 17. Bg5 f6 18. Bd2 Qb6 19. Be3 d4 20. cxd4 exd4 21.
Bf4 Rac8 22. Qe2 Bd5 23. Qd2 Bc4 24. Bxc4+ Rxc4 25. Qd3 Rdc8 26. Rac1 Rxc1 27.
Rxc1 Rxc1+ 28. Bxc1 Qe6 29. b3 Kf7 1/2-1/2

[Event "WA Open - Premier Section"]
[Site "Redmond, WA"]
[Date "2008.05.26"]
[Round "6"]
[White "Desmarais, Cyrus"]
[Black "Hendricks, David"]
[Result "1-0"]
[WhiteElo "1760"]
[BlackElo "1656"]
[PlyCount "83"]
[EventDate "2008.05.??"]
[SourceDate "2008.05.24"]

1. e4 c5 2. Nf3 d6 3. d4 cxd4 4. Nxd4 Nf6 5. Nc3 Nc6 6. Bg5 e6 7. Qd2 Be7 8.
O-O-O O-O 9. f4 h6 10. Bxf6 Bxf6 11. Nxc6 bxc6 12. Qxd6 Qb6 13. Qd2 Rd8 14. Bd3
Ba6 15. e5 Be7 16. Na4 Qb7 17. Qe2 Bxd3 18. cxd3 Rd4 19. Nc3 Rxf4 20. Rhf1 Bg5
21. Kb1 Rb8 22. Ne4 Rxe4 23. dxe4 Be3 24. Rf3 Bc5 25. Rb3 Qc7 26. Qd2 Qxe5 27.
Rxb8+ Qxb8 28. Qd8+ Qxd8 29. Rxd8+ Kh7 30. Rc8 Kg6 31. Rxc6 Bb6 32. Kc2 Kf6 33.
Rc4 Ke5 34. Kd2 f5 35. exf5 exf5 36. Ke2 g5 37. h3 h5 38. a4 g4 39. a5 Bd4 40.
b4 f4 41. b5 Kd5 42. Rxd4+ 1-0